Statystyki dla Słowa zakończone na -kot

Kliknij tutaj aby rozwiązać quiz!

Ogólne statystyki

  • Ten quiz został rozwiązany 246 razy
    (49 od ostatniego zresetowania)
  • Średni wynik to 5 z 43

Statystyki odpowiedzi

Odpowiedź% Poprawnych
18.KKot
73%
21.ŁŁoskot
42%
32.SStukot
40%
3.BBełkot
36%
41.WWarkot
33%
28.PPokot
31%
1.AAntrykot
29%
5.BBojkot
24%
37.TTrykot
22%
15.KKlekot
20%
29.SSkot
20%
11.ĆĆwierkot
18%
17.KKokot
18%
13.FFurkot
13%
34.SSzkot
13%
12.DDakot
9%
14.HHurkot
9%
35.TTerkot
9%
8.CCharkot
7%
27.PPikot
7%
10.CCykot
4%
25.PParkot
4%
30.SSkrzekot
4%
36.TTrajkot
4%
40.TTykot
4%
42.WWykot
4%
4.BBlekot
2%
20.LLotokot
2%
22.MMaskot
2%
24.MMikot
2%
26.PPaszkot
2%
33.SSukinkot
2%
39.TTrukot
2%
2.BBabakot
0%
6.BBurkot
0%
7.BBzykot
0%
9.CCiurkot
0%
16.KKliwerszkot
0%
19.KKowerkot
0%
23.MMasykot
0%
31.SSpiekot
0%
38.TTrzaskot
0%
43.ŻŻelkot
0%

Rozkład punktacji

Percentyl według liczby udzielonych odpowiedzi

Procent ludzi z każdym wynikiem

Twoja historia wyników

Nie rozwiązałeś tego quizu od ostatniego zresetowania